The central party school and the success of the communist party of China / (Record no. 587900)
[ view plain ]
| 000 -LEADER | |
|---|---|
| fixed length control field | 00399nam a22001217a 4500 |
| 040 ## - CATALOGING SOURCE | |
| Transcribing agency | NUST |
| 082 ## - DEWEY DECIMAL CLASSIFICATION NUMBER | |
| Classification number | 324.251075 |
| Author Mark | YIT |
| 100 ## - MAIN ENTRY--PERSONAL NAME | |
| Personal name | Yiting He |
| 9 (RLIN) | 83173 |
| 245 ## - TITLE STATEMENT | |
| Title | The central party school and the success of the communist party of China / |
| Statement of responsibility, etc. | He Yiting . |
| 260 ## - PUBLICATION, DISTRIBUTION, ETC. | |
| Place of publication, distribution, etc. | Beijing : |
| Name of publisher, distributor, etc. | Foreign Language Press, |
| Date of publication, distribution, etc. | 2018. |
| 300 ## - PHYSICAL DESCRIPTION | |
| Extent | iv, 340 pages : illustrations, portraits ; 25 cm. |
| 942 ## - ADDED ENTRY ELEMENTS (KOHA) | |
| Source of classification or shelving scheme | |
| Koha item type | Book |
| Withdrawn status | Lost status | Source of classification or shelving scheme | Damaged status | Not for loan | Permanent Location | Current Location | Date acquired | Total Checkouts | Full call number | Barcode | Date last seen | Price effective from | Koha item type | Public note |
|---|---|---|---|---|---|---|---|---|---|---|---|---|---|---|
| School of Civil and Environmental Engineering (SCEE) | School of Civil and Environmental Engineering (SCEE) | 02/15/2022 | 324.251075 YIT | NIT-13475 | 02/15/2022 | 02/15/2022 | Book | Chinese Donation |
